[Event "ITA-chT GpB 54th"]
[Site "Bacoli"]
[Date "2023.04.28"]
[Round "6"]
[White "Godena, Michele"]
[Black "Ortega, Lexy"]
[Result "1-0"]
[WhiteElo "2437"]
[BlackElo "2426"]
[PlyCount "87"]
[EventDate "2023.04.25"]
[EventType "team-tourn"]
[EventRounds "7"]
[EventCountry "ITA"]
[SourceTitle "CBM 213 Extra"]
[Source "ChessBase"]
[SourceDate "2023.05.31"]
[SourceVersion "1"]
[SourceVersionDate "2023.05.31"]
[SourceQuality "1"]
[WhiteTeam "Lazio Scacchi"]
[BlackTeam "Partenopea"]
[WhiteTeamCountry "ITA"]
[BlackTeamCountry "ITA"]

1. e4 c6 2. Nf3 d5 3. d3 g6 4. Nbd2 Bg7 5. d4 c5 6. exd5 cxd4 7. Bc4 a6 8. Nb3 b5 9. Be2 Bb7 10. Nfxd4 Bxd5 11. Bf3 Nf6 12. 0-0 Ra7 13. Bf4 Rd7 14. c3 0-0 15. a4 b4 16. Nc5 Bxf3 17. Qxf3 Rd5 18. Nce6 fxe6 19. Nxe6 Qc8 20. Nxf8 Kxf8 21. Rad1 Rxd1 22. Rxd1 bxc3 23. Qxc3 Qxc3 24. Rd8+ Kf7 25. bxc3 Nbd7 26. Be3 Ke6 27. Ra8 Kd5 28. Rxa6 Ne4 29. c4+ Kxc4 30. Re6 Nef6 31. a5 Nd5 32. a6 Bd4 33. a7 N7b6 34. Bxd4 Kxd4 35. Rc6 Na8 36. Rc8 Ndc7 37. Rh8 Ke5 38. Rxh7 Ke6 39. Rh8 Nb6 40. Rb8 Nba8 41. h4 Kf5 42. f3 e5 43. g4+ Kf6 44. Kf2 1-0

[Event "ITA-chT GpB 54th"]
[Site "Bacoli"]
[Date "2023.04.27"]
[Round "4"]
[White "Ortega, Lexy"]
[Black "Bifulco, Michel"]
[Result "1/2-1/2"]
[WhiteElo "2426"]
[BlackElo "2327"]
[PlyCount "81"]
[EventDate "2023.04.25"]
[EventType "team-tourn"]
[EventRounds "7"]
[EventCountry "ITA"]
[SourceTitle "CBM 213 Extra"]
[Source "ChessBase"]
[SourceDate "2023.05.31"]
[SourceVersion "1"]
[SourceVersionDate "2023.05.31"]
[SourceQuality "1"]
[WhiteTeam "Partenopea"]
[BlackTeam "Palermitano CPS"]
[WhiteTeamCountry "ITA"]
[BlackTeamCountry "ITA"]

1. e4 c5 2. Nf3 Nc6 3. Bb5 g6 4. Bxc6 dxc6 5. h3 Bg7 6. d3 b6 7. Nc3 e5 8. Be3 Ne7 9. Qd2 h6 10. Nh2 Be6 11. 0-0-0 Qd7 12. f4 exf4 13. Bxf4 g5 14. Bg3 f5 15. exf5 Nxf5 16. Rhe1 0-0-0 17. Be5 Nd4 18. Bxg7 Qxg7 19. Qe3 Rhe8 20. Qg3 Qc7 21. Qxc7+ Kxc7 22. b3 Bd5 23. Nxd5+ cxd5 24. Ng4 Nf5 25. Rxe8 Rxe8 26. Rf1 Nd4 27. Rf2 Re6 28. Kd2 Kd6 29. c3 Nc6 30. Rf7 Ne7 31. Ne3 d4 32. cxd4 cxd4 33. Nf5+ Nxf5 34. Rxf5 Re3 35. Rf6+ Re6 36. Rxe6+ Kxe6 37. Ke2 h5 38. Kf3 Ke5 39. g3 b5 40. b4 a6 41. a3 1/2-1/2

[Event "ITA-chT GpB 54th"]
[Site "Bacoli"]
[Date "2023.04.25"]
[Round "1"]
[White "Carnicelli, Valerio"]
[Black "Ortega, Lexy"]
[Result "1/2-1/2"]
[WhiteElo "2370"]
[BlackElo "2426"]
[PlyCount "148"]
[EventDate "2023.04.25"]
[EventType "team-tourn"]
[EventRounds "7"]
[EventCountry "ITA"]
[SourceTitle "CBM 213 Extra"]
[Source "ChessBase"]
[SourceDate "2023.05.31"]
[SourceVersion "1"]
[SourceVersionDate "2023.05.31"]
[SourceQuality "1"]
[WhiteTeam "Arrocco"]
[BlackTeam "Partenopea"]
[WhiteTeamCountry "ITA"]
[BlackTeamCountry "ITA"]

1. e4 e5 2. Nf3 Nc6 3. Bc4 Nf6 4. Ng5 d5 5. exd5 Na5 6. Bb5+ Bd7 7. Qe2 Be7 8. Nc3 Bxb5 9. Qxb5+ c6 10. dxc6 Nxc6 11. 0-0 0-0 12. Qe2 Nd4 13. Qd1 Rc8 14. d3 Qc7 15. Nf3 Rfd8 16. a3 h6 17. Re1 Bd6 18. h3 a6 19. Be3 b5 20. Kh1 Bc5 21. Rc1 Bxa3 22. Bxd4 exd4 23. Nxb5 axb5 24. bxa3 Qd6 25. Rb1 Nd5 26. Qd2 Nc3 27. Rb4 Qf6 28. Re5 Ra8 29. Qe1 Rxa3 30. Rxd4 Rxd4 31. Nxd4 b4 32. Nb3 Ra2 33. Re8+ Kh7 34. Qd2 Qc6 35. Re1 Qd5 36. d4 f5 37. Qd3 Ne4 38. Kg1 Qc6 39. Re2 Rb2 40. d5 Rb1+ 41. Kh2 Qf6 42. Nd2 Qe5+ 43. g3 Rd1 44. Kg2 g6 45. Nxe4 Rxd3 46. Ng5+ hxg5 47. Rxe5 Rd2 48. Re7+ Kh6 49. Rb7 Rxc2 50. Rxb4 Rd2 51. Rb5 Kg7 52. Kf3 Kf6 53. Rb6+ Kf7 54. Rb7+ Kf6 55. Rd7 Ke5 56. Re7+ Kf6 57. Re6+ Kf7 58. Rd6 Rd1 59. Ke2 Rd4 60. Ke3 Rd1 61. Kf3 Rd4 62. Rd7+ Kf6 63. Ke3 Rd1 64. Kf3 Rd4 65. Ke2 Ke5 66. Re7+ Kxd5 67. Kf3 Rd3+ 68. Kg2 Rc3 69. g4 fxg4 70. hxg4 Rb3 71. f3 Rb6 72. Kg3 Kd6 73. Re8 Ra6 74. Re3 Ra4 1/2-1/2

[Event "ITA-chTB 53rd"]
[Site "Montesilvano"]
[Date "2022.04.23"]
[Round "7.2"]
[White "Lapiccirella, Daniele"]
[Black "Ortega, Lexy"]
[Result "1-0"]
[WhiteElo "2184"]
[BlackElo "2429"]
[PlyCount "51"]
[EventDate "2022.04.19"]
[EventType "team-tourn"]
[EventRounds "7"]
[EventCountry "ITA"]
[SourceTitle "CBM 207 Extra"]
[Source "ChessBase"]
[SourceDate "2022.05.31"]
[SourceVersion "1"]
[SourceVersionDate "2022.05.31"]
[SourceQuality "1"]
[WhiteTeam "Cerianese Scacchistica"]
[BlackTeam "Partenopea Senior"]
[WhiteTeamCountry "ITA"]
[BlackTeamCountry "ITA"]

1. d4 Nf6 2. c4 e6 3. Nc3 Bb4 4. Nf3 Ne4 5. Qc2 f5 6. e3 b6 7. Bd3 Bb7 8. 0-0 Bxc3 9. bxc3 0-0 10. c5 Rf6 11. cxb6 axb6 12. Ne1 Rh6 13. g3 Ng5 14. f3 c5 15. Rb1 Rg6 16. Qb3 Bc6 17. Qxb6 Qe8 18. Qc7 h5 19. h4 Nh3+ 20. Kh2 Rxa2+ 21. Kxh3 Kh7 22. Rxb8 Qe7 23. Qd8 Rxg3+ 24. Kxg3 Qd6+ 25. f4 Qd5 26. Nf3 1-0

[Event "ITA-ch Online Qual GpA"]
[Site "Premium Chess Arena INT"]
[Date "2020.11.19"]
[Round "6.3"]
[White "Ortega, Lexy"]
[Black "Bellia, Fabrizio"]
[Result "1-0"]
[WhiteElo "2459"]
[BlackElo "2426"]
[PlyCount "83"]
[EventDate "2020.11.18"]
[EventType "tourn (rapid)"]
[EventRounds "9"]
[EventCountry "ITA"]
[EventCategory "9"]
[SourceTitle "CBM 199 Extra"]
[Source "ChessBase"]
[SourceDate "2021.01.31"]
[SourceVersion "1"]
[SourceVersionDate "2021.01.31"]
[SourceQuality "1"]

1. Nf3 d5 2. c4 e6 3. e3 Nf6 4. Nc3 Be7 5. d4 0-0 6. Bd3 dxc4 7. Bxc4 a6 8. a4 b6 9. 0-0 Bb7 10. Qe2 c5 11. Rd1 Qc7 12. e4 cxd4 13. Nxd4 Nc6 14. Nxc6 Qxc6 15. Bd3 Rfd8 16. Bf4 Bc5 17. Rac1 Qe8 18. Bg5 h6 19. Bh4 Rd4 20. Kh1 g5 21. Bg3 e5 22. a5 Rad8 23. axb6 Bxb6 24. Bxa6 Rxd1+ 25. Rxd1 Rxd1+ 26. Nxd1 Bxa6 27. Qxa6 Qd8 28. Qe2 Nxe4 29. Nc3 Nxc3 30. bxc3 f6 31. h4 Kg7 32. Kh2 Qd5 33. h5 Bc7 34. c4 Qd4 35. Qc2 Kf7 36. Qh7+ Ke6 37. Qxc7 f5 38. Qc6+ Ke7 39. Qxh6 f4 40. Qxg5+ Ke6 41. Bh4 Qxc4 42. Qg8+ 1-0

[Event "ITA-ch Online Qual GpA"]
[Site "Premium Chess Arena INT"]
[Date "2020.11.18"]
[Round "1.1"]
[White "Ortega, Lexy"]
[Black "Lumachi, Gabriele"]
[Result "1/2-1/2"]
[WhiteElo "2459"]
[BlackElo "2297"]
[PlyCount "103"]
[EventDate "2020.11.18"]
[EventType "tourn (rapid)"]
[EventRounds "9"]
[EventCountry "ITA"]
[EventCategory "9"]
[SourceTitle "CBM 199 Extra"]
[Source "ChessBase"]
[SourceDate "2021.01.31"]
[SourceVersion "1"]
[SourceVersionDate "2021.01.31"]
[SourceQuality "1"]

1. d4 d5 2. Nf3 Nf6 3. c4 e6 4. e3 a6 5. Nc3 c5 6. cxd5 exd5 7. Be2 Nc6 8. 0-0 cxd4 9. Nxd4 Bd6 10. Bf3 0-0 11. Nce2 Ne5 12. b3 Nxf3+ 13. Nxf3 Bg4 14. Bb2 Rc8 15. Ng3 Re8 16. Qd3 Ne4 17. Qd4 Bf8 18. Rac1 Bxf3 19. gxf3 Nxg3 20. hxg3 Qa5 21. a4 Rc6 22. Kg2 Rec8 23. Rxc6 Rxc6 24. Rh1 Qb6 25. Qxd5 Rd6 26. Bd4 Rxd5 27. Bxb6 Rd3 28. Rb1 Bb4 29. f4 f5 30. Kf3 h5 31. Bd4 b5 32. axb5 axb5 33. Rb2 Bc3 34. Ke2 Bxd4 35. Rb1 Rc3 36. exd4 b4 37. d5 Kf7 38. d6 Ke8 39. Rd1 Rxb3 40. Rd5 g6 41. d7+ Kd8 42. Rd6 Rb2+ 43. Ke3 Rb1 44. Kd2 b3 45. Kc3 b2 46. Kc2 Rf1 47. Kxb2 Rxf2+ 48. Kc3 h4 49. gxh4 Rxf4 50. Rxg6 Rxh4 51. Rf6 Kxd7 52. Rxf5 1/2-1/2

[Event "ITA-ch Online Qual GpA"]
[Site "Premium Chess Arena INT"]
[Date "2020.11.18"]
[Round "3.2"]
[White "Valsecchi, Alessio"]
[Black "Ortega, Lexy"]
[Result "1/2-1/2"]
[WhiteElo "2519"]
[BlackElo "2459"]
[PlyCount "143"]
[EventDate "2020.11.18"]
[EventType "tourn (rapid)"]
[EventRounds "9"]
[EventCountry "ITA"]
[EventCategory "9"]
[SourceTitle "CBM 199 Extra"]
[Source "ChessBase"]
[SourceDate "2021.01.31"]
[SourceVersion "1"]
[SourceVersionDate "2021.01.31"]
[SourceQuality "1"]

1. Nf3 d5 2. g3 c6 3. Bg2 Nf6 4. 0-0 Bf5 5. d3 e6 6. Nbd2 h6 7. b3 a5 8. a3 Be7 9. Bb2 0-0 10. Qe1 c5 11. e4 Bh7 12. Ne5 Nc6 13. Nxc6 bxc6 14. Qe2 a4 15. Kh1 Qb6 16. f4 axb3 17. cxb3 c4 18. dxc4 Nxe4 19. Nxe4 dxe4 20. Bxe4 Bxe4+ 21. Qxe4 Qxb3 22. Rab1 Qa4 23. f5 e5 24. Bxe5 Rfe8 25. f6 Bf8 26. Rb7 Rxe5 27. Qxe5 Qxc4 28. Kg2 g6 29. Rf4 Qc2+ 30. Rf2 Qd3 31. a4 Bd6 32. Qe2 Qd5+ 33. Qf3 Rxa4 34. Re2 Ra2 35. Qxd5 Rxe2+ 36. Kf3 cxd5 37. Kxe2 Be5 38. Rb6 g5 39. h4 gxh4 40. gxh4 h5 41. Kf3 Kh7 42. Rb5 Kg6 43. Rxd5 Bxf6 44. Kg3 Kh6 45. Rb5 Kg6 46. Ra5 Kh6 47. Ra6 Kg7 48. Ra2 Kg6 49. Rf2 Be5+ 50. Kf3 Bf6 51. Rg2+ Kf5 52. Rh2 Be5 53. Ra2 Bf6 54. Ra5+ Kg6 55. Ra6 Kg7 56. Ra4 Kg6 57. Rf4 Be5 58. Rb4 Bf6 59. Ra4 Kf5 60. Rf4+ Kg6 61. Ke4 Bd8 62. Kd5 Bc7 63. Rd4 Bg3 64. Re4 Kf5 65. Kd4 Bf4 66. Kd3 Kg4 67. Ke2 f5 68. Ra4 Kg3 69. Ra5 Kg4 70. Ra4 Kg3 71. Ra5 Kg4 72. Ra4 1/2-1/2

[Event "ITA-chT 50th"]
[Site "Gallipoli"]
[Date "2018.04.29"]
[Round "4.2"]
[White "Ortega, Lexy"]
[Black "Basso, Pier Luigi"]
[Result "1/2-1/2"]
[WhiteElo "2476"]
[BlackElo "2459"]
[PlyCount "73"]
[EventDate "2018.04.27"]
[EventType "team-swiss"]
[EventRounds "7"]
[EventCountry "ITA"]
[SourceTitle "CBM 184 Extra"]
[Source "ChessBase"]
[SourceDate "2018.06.28"]
[SourceVersion "1"]
[SourceVersionDate "2018.06.28"]
[SourceQuality "1"]
[WhiteTeam "Lazio Scacchi"]
[BlackTeam "Montebelluna Master"]
[WhiteTeamCountry "ITA"]
[BlackTeamCountry "ITA"]

1. Nf3 d5 2. e3 Nf6 3. c4 c6 4. b3 Bg4 5. Bb2 Nbd7 6. Be2 e6 7. d3 Bd6 8. Nbd2 Qe7 9. a3 a5 10. h3 Bh5 11. g4 Bg6 12. g5 Nh5 13. h4 h6 14. b4 e5 15. Rg1 d4 16. c5 Bc7 17. Ne4 dxe3 18. fxe3 Bxe4 19. dxe4 g6 20. Bc4 Ng7 21. Qb3 axb4 22. axb4 Rxa1+ 23. Bxa1 h5 24. Ke2 0-0 25. Rf1 b6 26. cxb6 Nxb6 27. Bc3 Bd6 28. Nd2 Nxc4 29. Qxc4 Qc7 30. Ra1 Qd7 31. Nf3 Kh7 32. Rd1 Qg4 33. Rg1 Qh3 34. Bd2 Qd7 35. Bc3 Qh3 36. Bd2 Qd7 37. Bc3 1/2-1/2

[Event "ITA-ch 76th"]
[Site "Rome"]
[Date "2016.12.13"]
[Round "6"]
[White "Ortega, Lexy"]
[Black "Godena, Michele"]
[Result "1/2-1/2"]
[WhiteElo "2473"]
[BlackElo "2519"]
[PlyCount "40"]
[EventDate "2016.12.07"]
[EventType "tourn"]
[EventRounds "11"]
[EventCountry "ITA"]
[EventCategory "10"]
[SourceTitle "CBM 176 Extra"]
[Source "ChessBase"]
[SourceDate "2017.03.02"]
[SourceVersion "1"]
[SourceVersionDate "2017.03.02"]
[SourceQuality "1"]

1. d4 d5 2. Nf3 Nf6 3. c4 dxc4 4. e3 a6 5. Bxc4 b5 6. Bb3 Bb7 7. 0-0 e6 8. Nc3 Nbd7 9. e4 b4 10. e5 bxc3 11. exf6 Qxf6 12. Ne5 Nxe5 13. dxe5 Qxe5 14. Re1 Qf6 15. Ba4+ c6 16. Qb3 Bc5 17. Be3 Bxe3 18. Rxe3 Qe7 19. Rxc3 0-0 20. Bxc6 Rfb8 1/2-1/2

[Event "ITA-ch 76th"]
[Site "Rome"]
[Date "2016.12.12"]
[Round "5"]
[White "Brunello, Sabino"]
[Black "Ortega, Lexy"]
[Result "1-0"]
[WhiteElo "2557"]
[BlackElo "2473"]
[PlyCount "69"]
[EventDate "2016.12.07"]
[EventType "tourn"]
[EventRounds "11"]
[EventCountry "ITA"]
[EventCategory "10"]
[SourceTitle "CBM 176 Extra"]
[Source "ChessBase"]
[SourceDate "2017.03.02"]
[SourceVersion "1"]
[SourceVersionDate "2017.03.02"]
[SourceQuality "1"]

1. c4 c5 2. g3 Nc6 3. Bg2 g6 4. Nc3 Bg7 5. a3 Nf6 6. e3 d6 7. Nge2 Bd7 8. 0-0 Qc8 9. d4 0-0 10. b3 Bh3 11. Bb2 Bxg2 12. Kxg2 Qf5 13. f3 d5 14. cxd5 Nxd5 15. Nxd5 Qxd5 16. Nc3 Qd7 17. dxc5 Qe6 18. b4 Rfd8 19. Qc2 Ne5 20. Rad1 Qc4 21. Qe4 Qb3 22. Ba1 Qxa3 23. Nd5 Nc6 24. b5 Qa2+ 25. Rf2 Qb3 26. bxc6 Qxd1 27. Nxe7+ Kf8 28. Bxg7+ Kxg7 29. cxb7 Rab8 30. Nc6 Rd2 31. Nxb8 Rxf2+ 32. Kxf2 Qd2+ 33. Kf1 Qd1+ 34. Kg2 Qe2+ 35. Kh3 1-0

[Event "ITA-ch 76th"]
[Site "Rome"]
[Date "2016.12.08"]
[Round "2"]
[White "Ortega, Lexy"]
[Black "Bellia, Fabrizio"]
[Result "1/2-1/2"]
[WhiteElo "2473"]
[BlackElo "2433"]
[PlyCount "70"]
[EventDate "2016.12.07"]
[EventType "tourn"]
[EventRounds "11"]
[EventCountry "ITA"]
[EventCategory "10"]
[SourceTitle "CBM 176 Extra"]
[Source "ChessBase"]
[SourceDate "2017.03.02"]
[SourceVersion "1"]
[SourceVersionDate "2017.03.02"]
[SourceQuality "1"]

1. d4 Nf6 2. Nf3 e6 3. e3 c5 4. c4 cxd4 5. exd4 d5 6. a3 Be7 7. Nc3 0-0 8. Bd3 dxc4 9. Bxc4 b6 10. 0-0 Bb7 11. Qe2 Nc6 12. Rd1 Na5 13. Ba2 Nd5 14. Ne5 Rc8 15. Bd2 Bg5 16. Nxd5 Bxd5 17. Bxd5 exd5 18. Bxa5 bxa5 19. g3 Qd6 20. Nf3 Bf6 21. Rac1 Qb6 22. Rc2 g6 23. Kg2 Rfe8 24. Qd2 Kg7 25. Rdc1 Rxc2 26. Rxc2 Re4 27. Rc5 Bxd4 28. Rxd5 Bxb2 29. Qxa5 Qxa5 30. Rxa5 Re7 31. a4 Bc3 32. Rc5 Bb4 33. Rb5 Bc3 34. Rc5 Bb4 35. Rb5 Bc3 1/2-1/2

[Event "ITA-chT 48th"]
[Site "Civitanova Marche"]
[Date "2016.04.27"]
[Round "1.2"]
[White "Luciani, Valerio"]
[Black "Ortega, Lexy"]
[Result "1/2-1/2"]
[WhiteElo "2200"]
[BlackElo "2480"]
[PlyCount "70"]
[EventDate "2016.04.27"]
[EventType "team-swiss"]
[EventRounds "7"]
[EventCountry "ITA"]
[SourceTitle "CBM 172 Extra"]
[Source "ChessBase"]
[SourceDate "2016.06.21"]
[SourceVersion "1"]
[SourceVersionDate "2016.06.21"]
[SourceQuality "1"]
[WhiteTeam "D'Arzignano Il Grifone"]
[BlackTeam "Modena"]
[WhiteTeamCountry "ITA"]
[BlackTeamCountry "ITA"]

1. d4 d5 2. c4 c6 3. Nc3 dxc4 4. e4 b5 5. a4 b4 6. Na2 Nf6 7. e5 Nd5 8. Bxc4 e6 9. Nf3 Ba6 10. Qe2 Qa5 11. Bd2 Be7 12. Nc1 Bxc4 13. Qxc4 Qa6 14. Qe2 0-0 15. Nb3 Rc8 16. Qxa6 Nxa6 17. Ke2 c5 18. dxc5 Nxc5 19. Nxc5 Bxc5 20. Rhc1 a5 21. Rc2 b3 22. Rc4 Bb4 23. Rxc8+ Rxc8 24. Nd4 Bxd2 25. Kxd2 Nb6 26. Nxb3 Nc4+ 27. Ke2 Rb8 28. Rc1 Nxe5 29. Nxa5 Rxb2+ 30. Kf1 g5 31. Nc4 Nxc4 32. Rxc4 Ra2 33. h4 h6 34. hxg5 hxg5 35. Rc5 Rxa4 1/2-1/2

[Event "EU-Cup 31st"]
[Site "Skopje"]
[Date "2015.10.23"]
[Round "6.3"]
[White "Danchevski, Orce"]
[Black "Ortega, Lexy"]
[Result "1/2-1/2"]
[WhiteElo "2356"]
[BlackElo "2478"]
[PlyCount "105"]
[EventDate "2015.10.18"]
[EventType "team-swiss"]
[EventRounds "7"]
[EventCountry "MKD"]
[SourceTitle "CBM 169"]
[Source "ChessBase"]
[SourceDate "2015.11.10"]
[SourceVersion "1"]
[SourceVersionDate "2015.11.10"]
[SourceQuality "1"]
[WhiteTeam "Asseko See"]
[BlackTeam "Modena"]
[WhiteTeamCountry "MKD"]
[BlackTeamCountry "ITA"]

1. d4 d5 2. c4 c6 3. Nf3 Nf6 4. g3 Bf5 5. Nc3 e6 6. Qb3 Qb6 7. c5 Qc7 8. Bf4 Qc8 9. Nh4 Be4 10. f3 Bg6 11. e4 Be7 12. Nxg6 hxg6 13. Bg2 Nbd7 14. e5 Ng8 15. Be3 b6 16. cxb6 Rb8 17. Qc2 Nxb6 18. b3 Ba3 19. 0-0 Ne7 20. Bc1 Qa6 21. Bxa3 Qxa3 22. f4 0-0 23. g4 Nd7 24. Na4 Qb4 25. Qf2 Rfc8 26. Rac1 Rb5 27. Bh3 c5 28. f5 Qxd4 29. Qxd4 cxd4 30. Rxc8+ Nxc8 31. fxe6 fxe6 32. g5 Nf8 33. Rc1 Ne7 34. Rc7 Nf5 35. Bxf5 gxf5 36. Nc5 Rb8 37. Rxa7 Rc8 38. b4 Kh8 39. Kf1 Ng6 40. Nxe6 d3 41. Nc5 Nxe5 42. Ke1 Kh7 43. Kd2 Nc6 44. Rb7 Nxb4 45. Rxb4 Rxc5 46. Kxd3 Kg6 47. h4 Kh5 48. Rb7 Ra5 49. Rxg7 Kxh4 50. Kd4 Rxa2 51. Kxd5 Re2 52. g6 Kg5 53. Rg8 1/2-1/2

[Event "EU-Cup 31st"]
[Site "Skopje"]
[Date "2015.10.22"]
[Round "5.3"]
[White "Ortega, Lexy"]
[Black "Vuilleumier, Alexandre"]
[Result "1-0"]
[WhiteElo "2478"]
[BlackElo "2345"]
[PlyCount "58"]
[EventDate "2015.10.18"]
[EventType "team-swiss"]
[EventRounds "7"]
[EventCountry "MKD"]
[SourceTitle "CBM 169"]
[Source "ChessBase"]
[SourceDate "2015.11.10"]
[SourceVersion "1"]
[SourceVersionDate "2015.11.10"]
[SourceQuality "1"]
[WhiteTeam "Modena"]
[BlackTeam "Geneve"]
[WhiteTeamCountry "ITA"]
[BlackTeamCountry "SUI"]

1. d4 Nf6 2. Nf3 e6 3. e3 c5 4. c4 Be7 5. Nc3 0-0 6. d5 d6 7. e4 exd5 8. cxd5 Bg4 9. Be2 Nfd7 10. 0-0 a6 11. Nd2 Bxe2 12. Qxe2 Re8 13. a4 Bf6 14. Nc4 Nb6 15. Ne3 Bxc3 16. bxc3 Rxe4 17. Qc2 Re8 18. Rb1 N8d7 19. a5 Nc8 20. Rxb7 Ra7 21. Rxa7 Nxa7 22. c4 Qxa5 23. Bb2 Nc8 24. Ra1 Qb6 25. Bc3 Ne5 26. Qa4 Qd8 27. Qxa6 Qg5 28. Qb5 Rf8 29. h3 Nd3 1-0

[Event "Chioggia op-A 10th"]
[Site "Chioggia"]
[Date "2015.10.11"]
[Round "4"]
[White "Fregonese, Giulio"]
[Black "Ortega, Lexy"]
[Result "0-1"]
[WhiteElo "2066"]
[BlackElo "2478"]
[PlyCount "136"]
[EventDate "2015.10.09"]
[EventType "swiss"]
[EventRounds "5"]
[EventCountry "ITA"]
[SourceTitle "EXT 2022"]
[Source "ChessBase"]
[SourceDate "2021.10.06"]
[SourceVersion "1"]
[SourceVersionDate "2021.10.06"]
[SourceQuality "1"]

1. e4 c5 2. c3 Nf6 3. e5 Nd5 4. Nf3 Nc6 5. Bc4 e6 6. d4 cxd4 7. cxd4 d6 8. 0-0 Be7 9. Qe2 0-0 10. Qe4 Ndb4 11. exd6 Qxd6 12. Bf4 Qd8 13. Nc3 Na5 14. Bb5 a6 15. Be2 Nd5 16. Bd2 Nf6 17. Qd3 Nc6 18. a3 b6 19. Rfd1 Bb7 20. Be3 Nd5 21. Bd2 Rc8 22. Ne4 h6 23. Rac1 Nf6 24. Bc3 Qd5 25. Ng3 Rfe8 26. Bf1 b5 27. Qe3 a5 28. Ne2 b4 29. axb4 axb4 30. Be1 Na5 31. Rxc8 Rxc8 32. Nf4 Qb3 33. Qxb3 Nxb3 34. Nd3 Bxf3 35. gxf3 Nxd4 36. Bxb4 Bxb4 37. Nxb4 Nxf3+ 38. Kg2 Nh4+ 39. Kg1 Nf3+ 40. Kg2 Nh4+ 41. Kg1 Rb8 42. Nd3 Nd5 43. Be2 g5 44. Rd2 Kg7 45. f3 f5 46. Kf2 Kf6 47. Nc5 Rc8 48. Nd7+ Ke7 49. Ne5 Rc1 50. Bf1 f4 51. Re2 Ne3 52. Re1 Rc2+ 53. Re2 Rxb2 54. Rxb2 Nd1+ 55. Ke1 Nxb2 56. Be2 Na4 57. Kf2 Nc5 58. Bc4 Nd7 59. Nc6+ Kf6 60. Bd3 Ne5 61. Nxe5 Kxe5 62. h3 Nf5 63. Bc2 Kd4 64. Bb1 Kc3 65. Be4 Kd2 66. Bb7 Nd6 67. Bc6 Nc4 68. Bb5 Nb2 0-1

[Event "ITA-ch sf"]
[Site "Porto San Giorgio"]
[Date "2015.07.18"]
[Round "9"]
[White "Bove, Alessandro"]
[Black "Ortega, Lexy"]
[Result "1/2-1/2"]
[WhiteElo "2322"]
[BlackElo "2481"]
[PlyCount "131"]
[EventDate "2015.07.11"]
[EventType "swiss"]
[EventRounds "8"]
[EventCountry "ITA"]
[SourceTitle "EXT 2024"]
[Source "ChessBase"]
[SourceDate "2023.10.10"]
[SourceVersion "1"]
[SourceVersionDate "2023.10.10"]
[SourceQuality "1"]

1. e4 c5 2. Nf3 e6 3. Qe2 b6 4. g3 Bb7 5. Bg2 d6 6. 0-0 Nf6 7. d3 Be7 8. a3 0-0 9. Re1 Nc6 10. c3 Rc8 11. b4 Ne5 12. Nxe5 dxe5 13. c4 cxb4 14. Bb2 Nd7 15. Rf1 a5 16. axb4 Bxb4 17. Na3 Qe7 18. Nc2 Bc5 19. Kh1 f6 20. f4 Qd6 21. f5 exf5 22. Rxf5 Rcd8 23. Rf3 Rf7 24. Bh3 Nf8 25. Na3 Bc6 26. Nb1 Bb4 27. Nc3 Bxc3 28. Bxc3 Bd7 29. Bxd7 Rfxd7 30. Rb1 Ne6 31. Qb2 Nc5 32. Qb5 Qe7 33. Kg2 Rxd3 34. Rxd3 Rxd3 35. Be1 Nd7 36. c5 Nxc5 37. Qxb6 h6 38. Qxa5 Ne6 39. Qa6 Rd7 40. Rb8+ Kh7 41. Bb4 Qf7 42. h4 Ra7 43. Qc8 h5 44. Be1 Qd7 45. Qxd7 Rxd7 46. Bf2 Rd3 47. Rb6 Nd8 48. Kf1 Rc3 49. Ke2 Rc2+ 50. Kf3 Nc6 51. Rb5 Rc3+ 52. Ke2 Nd4+ 53. Bxd4 exd4 54. Rxh5+ Kg6 55. Rd5 Rxg3 56. Rxd4 Kh5 57. e5 fxe5 58. Re4 Rg4 59. Rxe5+ Kxh4 60. Kf2 g5 61. Re1 Ra4 62. Kg2 Ra2+ 63. Kg1 g4 64. Rb1 Kh3 65. Rb3+ g3 66. Rb1 1/2-1/2

[Event "ITA-ch sf"]
[Site "Porto San Giorgio"]
[Date "2015.07.14"]
[Round "5"]
[White "Ortega, Lexy"]
[Black "Corvi, Marco"]
[Result "1-0"]
[WhiteElo "2481"]
[BlackElo "2300"]
[PlyCount "61"]
[EventDate "2015.07.11"]
[EventType "swiss"]
[EventRounds "8"]
[EventCountry "ITA"]
[SourceTitle "EXT 2024"]
[Source "ChessBase"]
[SourceDate "2023.10.10"]
[SourceVersion "1"]
[SourceVersionDate "2023.10.10"]
[SourceQuality "1"]

1. d4 f5 2. Nc3 e6 3. e4 fxe4 4. Nxe4 Nf6 5. Bg5 Be7 6. Bxf6 Bxf6 7. Nf3 Be7 8. c3 d5 9. Ned2 g6 10. h4 Bf6 11. Bd3 Nc6 12. Bb5 0-0 13. Bxc6 bxc6 14. Qe2 c5 15. h5 g5 16. Nb3 cxd4 17. cxd4 Qd6 18. Qe3 g4 19. Ne5 Qb4+ 20. Kf1 Bxe5 21. Qxe5 Rf5 22. Qxc7 Ba6+ 23. Kg1 Raf8 24. h6 Rg5 25. Rh5 Rg6 26. Qe5 Qe7 27. Nc5 Qf7 28. Qg3 Bc4 29. b3 Bb5 30. a4 Be8 31. Re1 1-0

[Event "ITA-ch sf"]
[Site "Porto San Giorgio"]
[Date "2015.07.11"]
[Round "1"]
[White "Ortega, Lexy"]
[Black "Viviani, Alessio"]
[Result "1/2-1/2"]
[WhiteElo "2481"]
[BlackElo "2186"]
[PlyCount "86"]
[EventDate "2015.07.11"]
[EventType "swiss"]
[EventRounds "8"]
[EventCountry "ITA"]
[SourceTitle "EXT 2024"]
[Source "ChessBase"]
[SourceDate "2023.10.10"]
[SourceVersion "1"]
[SourceVersionDate "2023.10.10"]
[SourceQuality "1"]

1. d4 Nf6 2. Nf3 g6 3. Nc3 d5 4. Bf4 Bg7 5. e3 0-0 6. Be2 c5 7. Ne5 cxd4 8. exd4 Nc6 9. 0-0 Qb6 10. Nxc6 Qxc6 11. a4 Bf5 12. a5 Rfd8 13. a6 Ne4 14. Ra3 bxa6 15. Bxa6 Qb6 16. Nb5 e5 17. Bxe5 Bxe5 18. dxe5 Nc5 19. Qd4 Nxa6 20. Qxb6 axb6 21. Rfa1 Bd7 22. Nc3 Bc8 23. Nb5 Bb7 24. Nd6 Nc5 25. b4 Rxa3 26. Rxa3 Rxd6 27. exd6 Nd7 28. f4 h5 29. Kf2 Kg7 30. Rd3 Nf6 31. Ra3 Nd7 32. Re3 Nf6 33. Re7 Bc8 34. Ke3 Be6 35. Kd4 Nd7 36. c3 Kf6 37. Re8 Kf5 38. Ke3 g5 39. fxg5 Kxg5 40. Kd4 Kf4 41. Rg8 Nf6 42. Rb8 Nd7 43. Rg8 Kf5 1/2-1/2

[Event "ITA-chT 47th"]
[Site "Civitanova Marche"]
[Date "2015.05.01"]
[Round "4.2"]
[White "Garcia Palermo, Carlos H"]
[Black "Ortega, Lexy"]
[Result "0-1"]
[WhiteElo "2427"]
[BlackElo "2470"]
[PlyCount "48"]
[EventDate "2015.04.29"]
[EventType "team-swiss"]
[EventRounds "7"]
[EventCountry "ITA"]
[SourceTitle "CBM 166 Extra"]
[Source "ChessBase"]
[SourceDate "2015.06.18"]
[SourceVersion "1"]
[SourceVersionDate "2015.06.18"]
[SourceQuality "1"]
[WhiteTeam "Chieti"]
[BlackTeam "Modena"]
[WhiteTeamCountry "ITA"]
[BlackTeamCountry "ITA"]

1. d4 d5 2. c4 c6 3. e3 Nf6 4. Bd3 e5 5. Nc3 e4 6. Bc2 Bd6 7. h3 0-0 8. c5 Bc7 9. b4 g6 10. f4 exf3 11. Qxf3 Nh5 12. Nge2 f5 13. 0-0 Nd7 14. Bd2 Ndf6 15. Rab1 Be6 16. a4 Qd7 17. b5 Ne4 18. Be1 Ng5 19. Qf2 f4 20. bxc6 bxc6 21. exf4 Nxf4 22. Qh4 Nfxh3+ 23. gxh3 Rxf1+ 24. Kxf1 Rf8+ 0-1